Role manažerů v interní komunikaci
Manažéri sú tí najdôležitejší pri internej komunuikácii vo firme. Komunikačné kompetencie manažérov. Nevyhnutnosť empatie u manažérov.
Saved in:
| Main Author: | |
|---|---|
| Format: | Book Chapter |
| Language: | Czech |
| Subjects: | |
| Tags: |
No Tags, Be the first to tag this record!
|
MARC
| LEADER | 00000naa a2200000 4500 | ||
|---|---|---|---|
| 001 | 0215123 | ||
| 005 | 20231113135254.8 | ||
| 041 | 0 | |a cze | |
| 044 | |a CZ | ||
| 245 | 1 | 0 | |a Role manažerů v interní komunikaci |c Jarka Kovaříková |
| 520 | |a Manažéri sú tí najdôležitejší pri internej komunuikácii vo firme. Komunikačné kompetencie manažérov. Nevyhnutnosť empatie u manažérov. | ||
| 610 | 2 | 0 | |a manažéri |
| 610 | 2 | 0 | |a komunikácia firemná |
| 610 | 2 | 0 | |a komunikácia interná |
| 610 | 2 | 0 | |a empatia |
| 100 | 1 | |a Kovaříková, Jarka | |